000 00425nam a2200157Ia 4500
003 GCL
008 140319s9999 xx 000 0 eng d
040 _aGCL /
_cGCL
082 0 4 _a620.112
_bL M
100 1 _aLOGAN, DARYL.L.
245 1 0 _aMECHANICS OF MATERIALS /
_cLOGAN, DARYL.L.
260 _a[S.N] :
_bHARPER COLLINS COLLEGE PUBLISBERS ،
_c1991
300 _a784 P
650 0 4 _aSTRENGTH - MATERIALS
942 _2ddc
_cBK
999 _c20554
_d20554